[Event "POL-chT 2nd League"]
[Site "Szczyrk"]
[Date "2014.09.07"]
[Round "2.50"]
[White "Zielinski, Wojciech"]
[Black "Kopczyk, Daniel"]
[Result "1/2-1/2"]
[WhiteElo "2203"]
[BlackElo "2178"]
[PlyCount "67"]
[EventDate "2014.09.06"]
[EventType "team-swiss"]
[EventRounds "9"]
[EventCountry "POL"]
[SourceTitle "EXT 2015"]
[Source "ChessBase"]
[SourceDate "2014.11.20"]
[SourceVersion "1"]
[SourceVersionDate "2014.11.20"]
[SourceQuality "1"]
[WhiteTeam "Kolbudy UKS Zawisza"]
[BlackTeam "Stara Wies Parnas"]
[WhiteTeamCountry "POL"]
[BlackTeamCountry "POL"]

1. e4 d6 2. d4 Nf6 3. Nc3 g6 4. f3 c6 5. Be3 Bg7 6. Qd2 h5 7. 0-0-0 Na6 8. h4 b5 9. e5 dxe5 10. dxe5 Qxd2+ 11. Rxd2 b4 12. exf6 bxc3 13. bxc3 Bxf6 14. Bd4 Nc7 15. Bxf6 exf6 16. Ne2 Ne6 17. Nd4 Nxd4 18. cxd4 Be6 19. Bd3 0-0-0 20. c3 Kc7 21. Re1 Rhg8 22. f4 Kd6 23. Rf1 Bg4 24. Bc4 Rd7 25. Re1 Rb8 26. Rb2 Rxb2 27. Kxb2 Be6 28. Bb3 Rb7 29. Kc2 Re7 30. Kd2 Rb7 31. Kc2 Re7 32. Kd2 Rb7 33. Kc2 Re7 34. Kd2 1/2-1/2

[Event "POL-chT 2nd League"]
[Site "Szczyrk"]
[Date "2014.09.06"]
[Round "1.25"]
[White "Zielinski, Wojciech"]
[Black "Tokarski, Lukasz"]
[Result "1-0"]
[WhiteElo "2203"]
[BlackElo "2214"]
[PlyCount "79"]
[EventDate "2014.09.06"]
[EventType "team-swiss"]
[EventRounds "9"]
[EventCountry "POL"]
[SourceTitle "EXT 2015"]
[Source "ChessBase"]
[SourceDate "2014.11.20"]
[SourceVersion "1"]
[SourceVersionDate "2014.11.20"]
[SourceQuality "1"]
[WhiteTeam "Kolbudy UKS Zawisza"]
[BlackTeam "Jaworzno JKSz MCKiS"]
[WhiteTeamCountry "POL"]
[BlackTeamCountry "POL"]

1. e4 c5 2. Nf3 d6 3. d4 Nf6 4. Nc3 cxd4 5. Nxd4 a6 6. a4 g6 7. Be2 Bg7 8. 0-0 b6 9. Bf3 e5 10. Nb3 Bb7 11. Qd3 0-0 12. Rd1 Nc6 13. Bg5 h6 14. Bxf6 Qxf6 15. Qxd6 Qg5 16. Qd2 Nb4 17. Qxg5 hxg5 18. Rd6 Nxc2 19. Rc1 Nd4 20. Rxb6 Rab8 21. Na5 Ba8 22. Nc4 Rbc8 23. Nd6 Rc7 24. Rxa6 g4 25. Bxg4 f5 26. exf5 gxf5 27. Bh5 Rd8 28. Rd1 Rcd7 29. Nxf5 Bb7 30. Rb6 Bf8 31. Ne3 Rg7 32. Rg6 Rdd7 33. Rxg7+ Rxg7 34. Be2 Bc5 35. Bc4+ Kf8 36. Bd5 Ba6 37. Kh1 Rd7 38. Ne4 Ba7 39. b4 Be2 40. Rc1 1-0

[Event "Lazy op 10th"]
[Site "Lazy"]
[Date "2014.07.08"]
[Round "9"]
[White "Poswiatowski, Michal"]
[Black "Zielinski, Wojciech"]
[Result "1/2-1/2"]
[WhiteElo "2013"]
[BlackElo "2185"]
[PlyCount "145"]
[EventDate "2014.06.29"]
[EventType "swiss"]
[EventRounds "9"]
[EventCountry "POL"]
[SourceTitle "CBM 161 Extra"]
[Source "ChessBase"]
[SourceDate "2014.08.29"]
[SourceVersion "1"]
[SourceVersionDate "2014.08.29"]
[SourceQuality "1"]

1. g3 e5 2. Bg2 d5 3. c4 c6 4. Qa4 dxc4 5. Qxc4 Be6 6. Qc2 Bd6 7. Nc3 Nf6 8. Nf3 h6 9. d4 Nbd7 10. 0-0 0-0 11. dxe5 Nxe5 12. Nd4 Re8 13. Nxe6 Rxe6 14. Ne4 Nxe4 15. Bxe4 Qc7 16. Bd2 Rae8 17. Bc3 h5 18. Bf5 R6e7 19. Rad1 Ng4 20. e3 Nh6 21. Bd3 h4 22. Kg2 Be5 23. Qa4 Bxc3 24. bxc3 hxg3 25. hxg3 Qe5 26. Qxa7 Qxc3 27. Qa4 Qe5 28. Rh1 Qd5+ 29. Kg1 Qf3 30. Qc2 Re5 31. Be2 Qf5 32. Bd3 Qf6 33. Rh4 Rg5 34. Kg2 Ng4 35. Rdh1 g6 36. Qe2 Qc3 37. Bc4 Nf6 38. Rh8+ Kg7 39. R1h7+ Nxh7 40. Rxe8 b5 41. Bb3 Rf5 42. e4 Re5 43. Rxe5 Qxe5 44. f4 Qd4 45. e5 Nf8 46. e6 fxe6 47. Bxe6 Qd6 48. f5 Nxe6 49. fxe6 Kf6 50. e7 Qxe7 51. Qf3+ Kg7 52. Qxc6 Qe2+ 53. Kh3 Qf1+ 54. Kh2 Qf2+ 55. Kh3 Qf5+ 56. Kh2 Qh5+ 57. Kg2 Qe2+ 58. Kh3 Qf1+ 59. Kh2 Qf2+ 60. Kh3 Qf5+ 61. Kg2 Qe5 62. Qd7+ Kf6 63. Qc6+ Kf5 64. Qf3+ Kg5 65. Qd3 Kf6 66. Qd8+ Kg7 67. Qd7+ Kh6 68. Qd2+ g5 69. Kh2 Kg6 70. Qd3+ Kf6 71. Kg2 Ke6 72. Kh2 Qb2+ 73. Kh3 1/2-1/2

[Event "POL-chT2"]
[Site "Poronin"]
[Date "2013.09.14"]
[Round "8"]
[White "Luch, Michal"]
[Black "Zielinski, Wojciech"]
[Result "1-0"]
[WhiteElo "2429"]
[BlackElo "2166"]
[PlyCount "101"]
[EventDate "2013.09.06"]
[EventType "team-swiss"]
[EventRounds "9"]
[EventCountry "POL"]
[SourceTitle "EXT 2015"]
[Source "ChessBase"]
[SourceDate "2014.11.20"]
[SourceVersion "1"]
[SourceVersionDate "2014.11.20"]
[SourceQuality "1"]
[WhiteTeam "Wisznia Mala OKSiR"]
[BlackTeam "Kolbudy UKS Zawisza"]
[WhiteTeamCountry "POL"]
[BlackTeamCountry "POL"]

1. d4 Nf6 2. c4 c5 3. d5 b5 4. cxb5 a6 5. bxa6 Bxa6 6. Nc3 d6 7. Nf3 g6 8. g3 Bg7 9. Bg2 0-0 10. 0-0 Nbd7 11. Rb1 Qa5 12. Qc2 Rfb8 13. a4 Ng4 14. Bd2 Qd8 15. b3 Ra7 16. h3 Nge5 17. Nxe5 Bxe5 18. Rfe1 Qf8 19. Na2 Rc8 20. Be3 Rac7 21. Rec1 e6 22. b4 cxb4 23. Qxc7 Rxc7 24. Rxc7 Nc5 25. Rxb4 Bxe2 26. Ra7 Kg7 27. dxe6 Nxe6 28. Nc1 Bd1 29. Bd5 Kf6 30. Ra8 Qe7 31. Rb7 Nc7 32. Raa7 Nxd5 33. Rxe7 Nxe7 34. f4 Bc3 35. Kf2 d5 36. Bc5 Nf5 37. Nd3 d4 38. a5 Bc2 39. Ne5 d3 40. Ra6+ Kg7 41. Ra8 Nd4 42. a6 d2 43. Bf8+ Kf6 44. Ng4+ Ke6 45. Re8+ Kd7 46. a7 d1Q 47. Re7+ Kc6 48. a8Q+ Kb5 49. Rb7+ Kc4 50. Qa6+ Kd5 51. Nf6# 1-0

[Event "POL-chT2"]
[Site "Poronin"]
[Date "2013.09.10"]
[Round "4.68"]
[White "Zielinski, Wojciech"]
[Black "Lewicki, Miroslaw"]
[Result "1/2-1/2"]
[WhiteElo "2166"]
[BlackElo "2221"]
[PlyCount "80"]
[EventDate "2013.09.06"]
[EventType "team-swiss"]
[EventRounds "9"]
[EventCountry "POL"]
[SourceTitle "EXT 2015"]
[Source "ChessBase"]
[SourceDate "2014.11.20"]
[SourceVersion "1"]
[SourceVersionDate "2014.11.20"]
[SourceQuality "1"]
[WhiteTeam "Kolbudy UKS Zawisza"]
[BlackTeam "Czarna LKSz GCKiP"]
[WhiteTeamCountry "POL"]
[BlackTeamCountry "POL"]

1. d4 Nf6 2. Nf3 e6 3. Bg5 h6 4. Bxf6 Qxf6 5. e4 d5 6. Bd3 dxe4 7. Bxe4 Bd6 8. c3 Nd7 9. Nbd2 e5 10. Nc4 exd4 11. Nxd6+ Qxd6 12. Qxd4 Qxd4 13. Nxd4 0-0 14. 0-0-0 Nf6 15. Bf3 c6 16. Rhe1 Bd7 17. Nb3 Rae8 18. Nc5 Bc8 19. h3 g5 20. Rxe8 Rxe8 21. Rd2 Kg7 22. Re2 Rxe2 23. Bxe2 b6 24. Nd3 c5 25. Bf3 Be6 26. a3 Nd7 27. Bc6 Bc4 28. Bxd7 Bxd3 29. Bc6 f5 30. Kd2 Bf1 31. Ke3 f4+ 32. Kf3 Kf6 33. h4 Bc4 34. hxg5+ Kxg5 35. g3 fxg3 36. fxg3 Bd3 37. Bd5 Bc2 38. Be6 Bb1 39. Bd7 Bd3 40. Be6 Bc2 1/2-1/2

[Event "Kowalewo Pomorskie op"]
[Site "Kowalewo Pomorskie"]
[Date "2013.07.13"]
[Round "5"]
[White "Zielinski, Wojciech"]
[Black "Budrewicz, Krzysztof"]
[Result "0-1"]
[WhiteElo "2154"]
[BlackElo "2196"]
[PlyCount "84"]
[EventDate "2013.07.10"]
[EventType "swiss"]
[EventRounds "9"]
[EventCountry "POL"]
[SourceTitle "CBM 155 Extra"]
[Source "ChessBase"]
[SourceDate "2013.08.26"]
[SourceVersion "1"]
[SourceVersionDate "2013.08.26"]
[SourceQuality "1"]

1. b3 e5 2. Bb2 Nc6 3. e3 Nf6 4. d4 exd4 5. exd4 d5 6. Nf3 Be7 7. Be2 0-0 8. 0-0 a5 9. Ne5 Ne4 10. Nd2 Nxe5 11. dxe5 Bc5 12. Nxe4 dxe4 13. Bc4 e3 14. fxe3 Bxe3+ 15. Kh1 Qxd1 16. Raxd1 Be6 17. Bd5 c6 18. Bxe6 fxe6 19. Rf3 Bc5 20. h3 a4 21. Rxf8+ Kxf8 22. a3 axb3 23. cxb3 Ke7 24. a4 Rf8 25. Bd4 Bb4 26. Rc1 Ba3 27. Ra1 Bb4 28. Rc1 Kd7 29. Kh2 Kc7 30. Kg3 b6 31. Rc4 c5 32. Bc3 Bxc3 33. Rxc3 Rf5 34. Re3 Kc6 35. Kh4 Kd5 36. g4 Rxe5 37. Rf3 g6 38. Rf7 h6 39. Rb7 g5+ 40. Kh5 Re3 41. Kxh6 Rxh3+ 42. Kxg5 Rxb3 0-1

[Event "Kowalewo Pomorskie op"]
[Site "Kowalewo Pomorskie"]
[Date "2013.07.11"]
[Round "3"]
[White "Zielinski, Wojciech"]
[Black "Kowalczyk, Rafal"]
[Result "1-0"]
[WhiteElo "2154"]
[BlackElo "2135"]
[PlyCount "67"]
[EventDate "2013.07.10"]
[EventType "swiss"]
[EventRounds "9"]
[EventCountry "POL"]
[SourceTitle "CBM 155 Extra"]
[Source "ChessBase"]
[SourceDate "2013.08.26"]
[SourceVersion "1"]
[SourceVersionDate "2013.08.26"]
[SourceQuality "1"]

1. b3 e5 2. Bb2 d6 3. e3 Nf6 4. d4 exd4 5. exd4 d5 6. Nf3 Bd6 7. Be2 0-0 8. 0-0 Re8 9. Nbd2 Nbd7 10. Re1 c6 11. Bd3 Rxe1+ 12. Qxe1 Nf8 13. Ne5 Ng6 14. Nxg6 hxg6 15. Nf3 Qc7 16. h3 Bd7 17. Ne5 Re8 18. Qd2 Qc8 19. Nxd7 Qxd7 20. Re1 Ne4 21. Bxe4 dxe4 22. c4 f5 23. Qg5 Kf7 24. d5 cxd5 25. Rd1 dxc4 26. Qd2 Rd8 27. g3 Ke8 28. Qd5 Qf7 29. Qb5+ Kf8 30. Ba3 Qe6 31. Rxd6 Rxd6 32. Qc5 cxb3 33. Qxd6+ Qxd6 34. Bxd6+ 1-0

[Event "Kowalewo Pomorskie op"]
[Site "Kowalewo Pomorskie"]
[Date "2013.07.10"]
[Round "1"]
[White "Zielinski, Wojciech"]
[Black "Augustowski, Janusz"]
[Result "1-0"]
[WhiteElo "2154"]
[BlackElo "1860"]
[PlyCount "85"]
[EventDate "2013.07.10"]
[EventType "swiss"]
[EventRounds "9"]
[EventCountry "POL"]
[SourceTitle "CBM 155 Extra"]
[Source "ChessBase"]
[SourceDate "2013.08.26"]
[SourceVersion "1"]
[SourceVersionDate "2013.08.26"]
[SourceQuality "1"]

1. e4 g6 2. d4 Bg7 3. Be3 d6 4. Bd3 Nf6 5. h3 0-0 6. Qd2 Re8 7. Ne2 b6 8. Nbc3 c5 9. 0-0 Bb7 10. Bb5 Bc6 11. Bxc6 Nxc6 12. f4 cxd4 13. Nxd4 Qd7 14. Rad1 Qb7 15. Qe2 Rac8 16. Kh1 Na5 17. Qf3 a6 18. e5 Qxf3 19. Rxf3 dxe5 20. fxe5 Nd7 21. e6 fxe6 22. Nxe6 Nf6 23. Bxb6 Nc4 24. Bd4 Nxb2 25. Rb1 Nc4 26. Nxg7 Kxg7 27. Ne4 Rc6 28. Rb7 Kh6 29. Bxf6 exf6 30. Nxf6 Rh8 31. Ng4+ Kg5 32. Rd7 Rc5 33. Nf6 Kh6 34. Rf4 g5 35. Ng4+ Kh5 36. Rff7 h6 37. Nf6+ Kg6 38. Ne4 Rc6 39. Rg7+ Kf5 40. Ng3+ Ke6 41. Rge7+ Kf6 42. Nh5+ Kg6 43. g4 1-0

[Event "Lazy op 9th"]
[Site "Lazy"]
[Date "2013.07.07"]
[Round "8"]
[White "Nowicki, Bartosz"]
[Black "Zielinski, Wojciech"]
[Result "1-0"]
[WhiteElo "2157"]
[BlackElo "2145"]
[PlyCount "93"]
[EventDate "2013.06.30"]
[EventType "swiss"]
[EventRounds "9"]
[EventCountry "POL"]
[SourceTitle "CBM 155 Extra"]
[Source "ChessBase"]
[SourceDate "2013.08.26"]
[SourceVersion "1"]
[SourceVersionDate "2013.08.26"]
[SourceQuality "1"]

1. e4 e6 2. d4 d5 3. Nd2 dxe4 4. Nxe4 Nf6 5. Nxf6+ Qxf6 6. Nf3 h6 7. Bd3 Bd7 8. 0-0 Bd6 9. Re1 Bc6 10. Ne5 Bxe5 11. dxe5 Qe7 12. Qg4 Nd7 13. b4 a6 14. a4 Nb6 15. a5 Nd5 16. Bd2 h5 17. Qxg7 Kd7 18. Bg5 Qe8 19. Rad1 Rg8 20. Qh6 Rh8 21. Bh7 Kc8 22. c4 Ne7 23. Qg7 Kb8 24. Bxe7 Rxh7 25. Qxh7 Qxe7 26. Qxh5 Ka7 27. Qg4 Rh8 28. g3 Qxb4 29. Qg7 Rd8 30. Qxf7 Rd7 31. Qf4 Rd3 32. Rf1 Rxd1 33. Rxd1 Qxa5 34. h4 Qa4 35. Rf1 Qc2 36. f3 a5 37. Rf2 Qb1+ 38. Kg2 b6 39. Qf7 Kb7 40. h5 a4 41. Qg6 Qb3 42. Qg5 a3 43. Qd2 a2 44. Qxa2 Bxf3+ 45. Kh2 Qd1 46. Rxf3 Qxf3 47. Qg2 1-0